Planning and control with PERT/CPM (Record no. 81935)

MARC details
000 -LEADER
fixed length control field 00838nam a2200169 a 4500
008 - FIXED-LENGTH DATA ELEMENTS--GENERAL INFORMATION
fixed length control field 120416s0000 ||||||||||||||||| || u
020 ## - INTERNATIONAL STANDARD BOOK NUMBER
International Standard Book Number 0070994080
050 ## - LIBRARY OF CONGRESS CALL NUMBER
Classification number T 57.85 Lev
100 ## - MAIN ENTRY--PERSONAL NAME
Personal name Levin, Richard I
245 10 - TITLE STATEMENT
Title Planning and control with PERT/CPM
260 ## - PUBLICATION, DISTRIBUTION, ETC.
Place of publication, distribution, etc. New Delhi
Name of publisher, distributor, etc. Tata McGraw-Hill
Date of publication, distribution, etc. 1977
300 ## - PHYSICAL DESCRIPTION
Extent x, 179p. : ill.
350 ## -
-- 0.00
995 ## -
-- MAIN LIBRARY OPEN ACCESS
-- 0.00
-- 724424
-- CBU-MAIN LIBRARY (Kitwe)
-- 3
-- 45.00
-- T 57.85 Lev
-- 2
-- AVAILABLE
-- 016169
-- Main Library Open Access Collection
995 ## -
-- ANNEX COLLECTION (Main Library)
-- 0.00
-- 714423
-- CBU-MAIN LIBRARY (Kitwe)
-- 1
-- 45.00
-- T 57.85 Lev
-- 1
-- AVAILABLE
-- 016168
-- Annex Low-Usage Collection
995 ## -
-- MAIN LIBRARY OPEN ACCESS
-- 0.00
-- 724425
-- CBU-MAIN LIBRARY (Kitwe)
-- 2
-- 45.00
-- T 57.85 Lev
-- 3
-- AVAILABLE
-- 016170
-- Main Library Open Access Collection
999 ## -
-- 81935
-- 81935
Holdings
Withdrawn status Lost status Source of classification or shelving scheme Damaged status Not for loan Permanent Location Current Location Shelving location Date acquired Total Checkouts Full call number Barcode Date last seen Copy number Price effective from Koha item type
          CBU-MAIN LIBRARY, KITWE. CBU-MAIN LIBRARY, KITWE.   09/12/2023   T 57.85 Lev 016169 09/12/2023 1 09/12/2023 MONOGRAPH
          CBU-MAIN LIBRARY, KITWE. CBU-MAIN LIBRARY, KITWE.   09/12/2023   T 57.85 Lev 016168 09/12/2023 2 09/12/2023 MONOGRAPH
          CBU-MAIN LIBRARY, KITWE. CBU-MAIN LIBRARY, KITWE.   09/12/2023   T 57.85 Lev 016170 09/12/2023 3 09/12/2023 MONOGRAPH